000
00207 a2200097 4500
001
48261
100
_a
Meraj Nayer
245
_a
Iqbal Munfarid
260
_a
Lahore
_b
Maktaba Alyia
_c
090
_c
31215
_d
31215
942
_a
NUST-CAE
_c
M
_c
23576
999
_c
283334
_d
283334